Financial & managerial accounting / (Record no. 39642)
[ view plain ]
| 000 -LEADER | |
|---|---|
| fixed length control field | 00875cam a22002414i 4500 |
| 001 - CONTROL NUMBER | |
| control field | 18998717 |
| 005 - DATE AND TIME OF LATEST TRANSACTION | |
| control field | 20180103074311.0 |
| 008 - FIXED-LENGTH DATA ELEMENTS--GENERAL INFORMATION | |
| fixed length control field | 160302s2015 njua b 001 0 eng |
| 010 ## - LIBRARY OF CONGRESS CONTROL NUMBER | |
| LC control number | 2015494726 |
| 020 ## - INTERNATIONAL STANDARD BOOK NUMBER | |
| International Standard Book Number | 9781118334263 |
| 040 ## - CATALOGING SOURCE | |
| Original cataloging agency | DLC |
| Language of cataloging | eng |
| Transcribing agency | DLC |
| Description conventions | rda |
| Modifying agency | DLC |
| 041 ## - LANGUAGE CODE | |
| Language code of text/sound track or separate title | eng |
| 042 ## - AUTHENTICATION CODE | |
| Authentication code | pcc |
| 080 ## - UNIVERSAL DECIMAL CLASSIFICATION NUMBER | |
| Universal Decimal Classification number | 657 |
| 082 00 - DEWEY DECIMAL CLASSIFICATION NUMBER | |
| Classification number | 657 WEY |
| Edition number | 23 |
| 100 1# - Rafti | |
| Rafti | 61 |
| 101 ## - Shkurtesa | |
| Shkurtesa | KON |
| 240 10 - UNIFORM TITLE | |
| Uniform title | <a href="Financial and managerial accounting">Financial and managerial accounting</a> |
| 245 10 - TITLE STATEMENT | |
| Title | Financial & managerial accounting / |
| Statement of responsibility, etc | Jerry J. Weygandt, PhD, CPA, University of Wisconsin--Madison, Madison, Wisconsin, Paul D. Kimmel, PhD, CPA, Univerisity of Wisconsin--Milwaukee, Milwaukee, Wisconsin, Donald E. Kieso, PhD, CPA, Northern Illinois University, DeKalb, Illinois. |
| 906 ## - LOCAL DATA ELEMENT F, LDF (RLIN) | |
| a | 7 |
| b | cbc |
| c | origcop |
| d | 2 |
| e | ncip |
| f | 20 |
| g | y-gencatlg |
| 942 ## - ADDED ENTRY ELEMENTS (KOHA) | |
| Source of classification or shelving scheme | |
| Item type | Books |
| Withdrawn status | Lost status | Source of classification or shelving scheme | Damaged status | Not for loan | Collection code | Permanent location | Current location | Shelving location | Date acquired | Total Checkouts | Full call number | Barcode | Date last seen | Price effective from | Koha item type |
|---|---|---|---|---|---|---|---|---|---|---|---|---|---|---|---|
| Koleksioni i përgjithshem | UBT - Lipjan | UBT - Lipjan | Koleksioni i përgjithshem | 01/03/2018 | 657 WEY | 002-2994193 | 01/03/2018 | 01/03/2018 | Books |